Relation of thickness of Mississippian limestones in central and eastern Kansas to oil and gas deposits, (Record no. 27576)

MARC details
000 -LEADER
fixed length control field 01290cam a22002891 4500
001 - CONTROL NUMBER
control field gs 39000257
003 - CONTROL NUMBER IDENTIFIER
control field DLC
005 - DATE AND TIME OF LATEST TRANSACTION
control field 20260227111344.0
008 - FIXED-LENGTH DATA ELEMENTS--GENERAL INFORMATION
fixed length control field 780218s1939 xx 000 0 eng c
010 ## - LIBRARY OF CONGRESS CONTROL NUMBER
LC control number gs 39000257
035 ## - SYSTEM CONTROL NUMBER
System control number (OCoLC)3648968
040 ## - CATALOGING SOURCE
Original cataloging agency U.S. Geological survey Library
Transcribing agency OT
Modifying agency DLC
042 ## - AUTHENTICATION CODE
Authentication code premarc
050 00 - LIBRARY OF CONGRESS CALL NUMBER
Classification number QE113
Item number .A2 no. 26
100 1# - MAIN ENTRY--PERSONAL NAME
Personal name Lee, Wallace,
Dates associated with a name 1883-
245 00 - TITLE STATEMENT
Title Relation of thickness of Mississippian limestones in central and eastern Kansas to oil and gas deposits,
Statement of responsibility, etc. by Wallace Lee.
260 ## - PUBLICATION, DISTRIBUTION, ETC.
Place of publication, distribution, etc. Lawrence, Kans.,
Name of publisher, distributor, etc. Printed by authority of the state of Kansas,
Date of publication, distribution, etc. 1939.
300 ## - PHYSICAL DESCRIPTION
Extent 42 p.
Other physical details illus., III fold. pl. (2 maps, diagr.) tables (1 fold.)
Dimensions 23 cm.
490 0# - SERIES STATEMENT
Series statement [Kansas. University. Geological survey] Bulletin 26
500 ## - GENERAL NOTE
General note At head of title: State geological survey of Kansas. Raymond C. Moore, state geologist and director.
500 ## - GENERAL NOTE
General note Investigation conducted under a cooperative agreement between the federal Geological survey and the State geological survey of Kansas.
500 ## - GENERAL NOTE
General note On cover: Bulletin of the University of Kansas. v. 40, no. 12, June 15, 1939.
650 #0 - SUBJECT ADDED ENTRY--TOPICAL TERM
Topical term or geographic name entry element Geology, Stratigraphic
Chronological subdivision Carboniferous.
650 #0 - SUBJECT ADDED ENTRY--TOPICAL TERM
Topical term or geographic name entry element Geology
Geographic subdivision Kansas.
650 #0 - SUBJECT ADDED ENTRY--TOPICAL TERM
Topical term or geographic name entry element Petroleum
Geographic subdivision Kansas.
650 #0 - SUBJECT ADDED ENTRY--TOPICAL TERM
Topical term or geographic name entry element Natural gas
Geographic subdivision Kansas.

No items available.

Powered by Koha